[Event "VIE-ch U11"]
[Site "Hai Phong"]
[Date "2018.07.11"]
[Round "7"]
[White "Nguyen, Duc Gia Bach1111"]
[Black "Hoang, Nguyen Minh Hieu"]
[Result "1-0"]
[WhiteElo "1870"]
[BlackElo "1888"]
[PlyCount "59"]
[EventDate "2018.07.07"]
[EventType "swiss"]
[EventRounds "9"]
[EventCountry "VIE"]
[SourceTitle "EXT 2019"]
[Source "ChessBase"]
[SourceDate "2018.10.10"]
[SourceVersion "1"]
[SourceVersionDate "2018.10.10"]
[SourceQuality "1"]

1. e4 c5 2. Nc3 d6 3. d3 Nf6 4. g3 a6 5. Bg2 e6 6. f4 Nbd7 7. Nf3 Be7 8. 0-0 0-0 9. h3 Qc7 10. g4 Nb6 11. g5 Nfd7 12. Nh4 Re8 13. f5 Ne5 14. f6 Bf8 15. Nf3 Nbd7 16. h4 b5 17. Nxe5 Nxe5 18. Bf4 Nc6 19. h5 Bb7 20. Qg4 Nd4 21. Rac1 e5 22. Be3 Qc8 23. Qg3 b4 24. Bxd4 cxd4 25. Nb1 Qc7 26. g6 Kh8 27. fxg7+ Bxg7 28. Rxf7 Re7 29. Rcf1 Rae8 30. h6 1-0

[Event "VIE-ch U11"]
[Site "Hai Phong"]
[Date "2018.07.10"]
[Round "6"]
[White "Hoang, Nguyen Minh Hieu"]
[Black "Bach, The Vinh"]
[Result "0-1"]
[WhiteElo "1888"]
[BlackElo "1872"]
[PlyCount "106"]
[EventDate "2018.07.07"]
[EventType "swiss"]
[EventRounds "9"]
[EventCountry "VIE"]
[SourceTitle "EXT 2019"]
[Source "ChessBase"]
[SourceDate "2018.10.10"]
[SourceVersion "1"]
[SourceVersionDate "2018.10.10"]
[SourceQuality "1"]

1. d4 d5 2. c4 e6 3. Nc3 Nf6 4. Bg5 Bb4 5. Qb3 Bxc3+ 6. Qxc3 Nbd7 7. cxd5 exd5 8. e3 0-0 9. Bd3 c6 10. Qc2 h6 11. Bh4 Re8 12. Nf3 Qa5+ 13. Qd2 Qxd2+ 14. Nxd2 Ne4 15. Nf3 Nb6 16. 0-0 Bf5 17. Rfd1 g5 18. Bg3 Nxg3 19. hxg3 Bxd3 20. Rxd3 f6 21. b4 a6 22. a4 Kf7 23. Rdd1 a5 24. Rdb1 Reb8 25. b5 Nc4 26. g4 Ke6 27. Kf1 h5 28. Ke2 hxg4 29. Nd2 Nd6 30. bxc6 bxc6 31. Rc1 Kd7 32. Rc2 Rb6 33. Rac1 Re8 34. Rc3 Nf5 35. Kf1 Rb2 36. Nb3 g3 37. Nc5+ Ke7 38. R3c2 Rb6 39. Rc3 gxf2 40. Kxf2 Nd6 41. Rb3 Rxb3 42. Nxb3 Nc4 43. Re1 Kd6 44. Nc5 f5 45. Nb7+ Ke7 46. Nc5 Rb8 47. Kf3 Rb4 48. Rh1 Nd2+ 49. Kg3 Ne4+ 50. Nxe4 fxe4 51. Ra1 Rb2 52. Ra3 Kd6 53. Kh3 g4+ 0-1